|
|
|
|
| LEADER |
00000nta a2200000 i 4500 |
| 001 |
dolg4108 |
| 005 |
20160519110940.0 |
| 008 |
151205suuuu hu om 000 hun d |
| 040 |
|
|
|a BGE Dolgozattár Repozitórium
|b hun
|
| 041 |
|
|
|a hu
|
| 100 |
1 |
|
|a Bodor Lilla
|
| 245 |
1 |
2 |
|a A disztribútor cégek tevékenységének bemutatása, a Dunapro Holding Hungary Kft. stratégiai elemzésén keresztül
|c Bodor Lilla
|h [elektronikus dokumentum]
|
| 695 |
|
|
|a Disztribúció
|
| 695 |
|
|
|a Stratégiai elemzés
|
| 700 |
1 |
|
|a Marosán Dr. György
|e ths
|
| 856 |
4 |
0 |
|u http://dolgozattar.uni-bge.hu/4108/1/szakdolgozat%20Bodor%20Lilla.pdf
|z Dokumentum-elérés
|